• 首页
  • 本馆介绍
  • 公告通知
  • 最新文献
  • 馆藏检索
  • 电子资源
  • 读者导购
  • 参考咨询
  • 我的图书馆
  • 登录
  • 详细信息显示
  • 放入我的书架
  • 预约/预借图书
  • 作者相关作品
  • 分类相关作品
  • 丛书相关作品
  • 出版社相关作品

书目信息

  • 表格格式
  • 工作单格式
  • 卡片格式
题名:
心电图机的原理与维修
    
 
作者: 鲍德政 编著
分册:  
出版信息: 上海   滨州卫生学校出版社  2001
页数: 84页
开本: 26cm
丛书名:
单 册:
中图分类: TH772
科图分类:
主题词: 心电图机
电子资源:
ISBN: 内部
000 00627cam0 2200229 450
001 0105421488
005 20060926144132.0
010    @a内部@dCNY0.00
091    @a15119.574@dCNY0.80
100    @a19970620d1957 em y0chiy0110 ea
101 0  @achi
102    @aCN@b310000
105    @ay z 000yy
106    @ar
200 1  @a心电图机的原理与维修@9Xin Dian Tu Ji De;Di Yuan Li Yu Wei Xiu @f殷继军主编@b专著
210    @a上海@c滨州卫生学校出版社@d2001
215    @a84页@d26cm
606 0  @a心电图机
690    @aTH772@v3
701  0 @a鲍德政@9bao de zheng@4编著
801  0 @aCN@bAiZhiMarc
905    @aBZT@dTH772@e1@f6@sTH772/1
    
    心电图机的原理与维修/殷继军主编.-上海:滨州卫生学校出版社,2001
    84页;26cm
    
    
    ISBN 内部:CNY0.00
    
●
相关链接 在五车中查询图书 在当当中查询图书 在豆瓣中查询图书


正题名:心电图机的原理与维修     索取号:TH772/1         预约/预借

序号 登录号 条形码 馆藏地/架位号 状态 备注
1 2000149622   2000149622   旧书回溯/ [索取号:TH772/1] 在馆    
2 2000149623   2000149623   旧书回溯/ [索取号:TH772/1] 在馆    
3 2000149624   2000149624   旧书回溯/ [索取号:TH772/1] 在馆    
4 2000149625   2000149625   旧书回溯/ [索取号:TH772/1] 在馆    
5 2000149626   2000149626   旧书回溯/ [索取号:TH772/1] 在馆    
6 2000149627   2000149627   旧书回溯/ [索取号:TH772/1] 在馆    
山东省滨州职业学院图书馆 欢迎您!
大连网信软件有限公司© 版权所有